Compulsory purchase and compensation (Record no. 116292)
[ view plain ]
| 000 -LEADER | |
|---|---|
| fixed length control field | 01067cam a22003135a 4500 |
| 001 - CONTROL NUMBER | |
| control field | L160240 |
| 008 - FIXED-LENGTH DATA ELEMENTS--GENERAL INFORMATION | |
| fixed length control field | 190517s2019 xxk f 000 0 eng d |
| 020 ## - INTERNATIONAL STANDARD BOOK NUMBER | |
| ISBN | 9780429461507 |
| 035 ## - SYSTEM CONTROL NUMBER | |
| System control number | (Sirsi) u160240 |
| 041 0# - LANGUAGE CODE | |
| Language code of text/sound track or separate title | eng |
| 050 04 - Library of Congress Classification | |
| Class mark | 711.14 |
| 100 1# - MAIN ENTRY--PERSONAL NAME | |
| Personal author | Denyer-Green, Barry |
| 245 00 - TITLE STATEMENT | |
| Title | Compulsory purchase and compensation |
| Medium | [electronic resource] |
| 250 ## - EDITION | |
| Edition statement | 11th ed. |
| 260 ## - PUBLICATION INFORMATION | |
| Place of publication | Abingdon |
| Publisher | Routledge |
| Date | 2019 |
| 520 ## - ABSTRACT | |
| Abstract | Considers compulsory purchase powers, how those powers can be exercised and compensation for compulsory purchase. Refers to case law. |
| 520 ## - ABSTRACT | |
| Abstract | Supersedes 10th ed. (ISBN 9780415629928) |
| 521 ## - TARGET AUDIENCE NOTE | |
| Target audience note | Advanced |
| 590 ## - LOCAL NOTE (RLIN) | |
| Local note | NTK |
| 650 24 - KEYWORDS | |
| Keywords | LAND COMPENSATION ACT 1961 |
| 650 24 - KEYWORDS | |
| Keywords | LOCALISM ACT 2011 |
| 650 24 - KEYWORDS | |
| Keywords | HOUSING AND PLANNING ACT 2016 |
| 650 24 - KEYWORDS | |
| Keywords | NEIGHBOURHOOD PLANNING ACT 2017 |
| 650 24 - KEYWORDS | |
| Keywords | EBOOK |
| 651 #4 - SUBJECT ADDED ENTRY--GEOGRAPHIC NAME | |
| Geographic name | England and Wales |
| 690 ## - BROAD SUBJECT | |
| Broad subject | Planning and development |
| 9 (RLIN) | 6259 |
| 856 48 - ONLINE RESOURCE | |
| Uniform Resource Identifier | <a href="https://www.vlebooks.com/">https://www.vlebooks.com/</a> |
| Public note | View on VLEbooks. Logins for members only from [email protected] |
| 942 ## - ADDED ENTRY ELEMENTS (KOHA) | |
| Suppress in OPAC | Do not suppress in OPAC |
| Lost status | Source of classification or shelving scheme | Damaged status | Not for loan | Home library | Current library | Shelving location | Date acquired | Total Checkouts | Full call number | Barcode | Date last seen | Copy number | Price effective from | Koha item type |
|---|---|---|---|---|---|---|---|---|---|---|---|---|---|---|
| Dewey Decimal Classification | Virtual | Virtual | Online | 17/05/2019 | ONLINE PUBLICATION | 160240-2001 | 06/08/2019 | 1 | 06/08/2019 | Book |